000 00501nam a22001817a 4500
005 20130830123729.0
010 _aENG-108353
020 _c200.00
035 _aEN-91886
037 _bDBAD/PUB
082 _a574.03
100 _aArora
245 _aSupreme dictionary of biology /
_cby Arora
260 _aDelhi
_bKalra Publications
_c2010-11
270 _a2619-20/3, New Market, Nai Sarak,
_bDelhi
_e110006
300 _a246p. :
_bill.
_c22cm(Hb)
942 _2ddc
_cEN
_h574.03
_mARO
999 _c78746
_d78746